Vở BT nâng cao toán tiểu học 5 T.2
v.v...
Đã lưu trong:
| Tác giả chính: | |
|---|---|
| Định dạng: | Sách |
| Năm xuất bản: |
H.
Đại học sư phạm
2006
|
| Chủ đề: | |
| Tags: |
Thêm thẻ
Không có thẻ, Hãy là người đầu tiên gắn thẻ bản ghi này!
|
| LEADER | 02687nam a2200325 4500 | ||
|---|---|---|---|
| 082 | |a 372.7 |b PH104Đ | ||
| 100 | |a Phạm Đình Thực | ||
| 245 | |a Vở BT nâng cao toán tiểu học 5 |c Phạm Đình Thực |n T.2 | ||
| 260 | |a H. |b Đại học sư phạm |c 2006 | ||
| 300 | |a 111 tr. |c 24 cm | ||
| 520 | |a v.v... | ||
| 653 | |a Toán học( Giáo dục tiểu học) | ||
| 653 | |a Toán học | ||
| 653 | |a Lớp 5 | ||
| 942 | |2 ddc |c STK0 | ||
| 999 | |c 11162 |d 11162 | ||
| 952 | |0 0 |1 0 |2 ddc |4 0 |6 372_700000000000000_PH104Đ |7 0 |8 300 |9 95820 |a qbu |b qbu |c D2 |d 2015-09-30 |g 12000 |o 372.7 PH104Đ |p 6780.c1 |r 0000-00-00 |w 2015-09-30 |y STK0 | ||
| 952 | |0 0 |1 0 |2 ddc |4 0 |6 372_700000000000000_PH104Đ |7 0 |8 300 |9 95821 |a qbu |b qbu |c D2 |d 2015-09-30 |g 12000 |o 372.7 PH104Đ |p 6780.c2 |r 0000-00-00 |w 2015-09-30 |y STK0 | ||
| 952 | |0 0 |1 0 |2 ddc |4 0 |6 372_700000000000000_PH104Đ |7 0 |8 300 |9 95822 |a qbu |b qbu |c D2 |d 2015-09-30 |g 12000 |o 372.7 PH104Đ |p 6780.c3 |r 0000-00-00 |w 2015-09-30 |y STK0 | ||
| 952 | |0 0 |1 0 |2 ddc |4 0 |6 372_700000000000000_PH104Đ |7 0 |8 300 |9 95823 |a qbu |b qbu |c D2 |d 2015-09-30 |g 12000 |o 372.7 PH104Đ |p 6780.c4 |r 0000-00-00 |w 2015-09-30 |y STK0 | ||
| 952 | |0 0 |1 0 |2 ddc |4 0 |6 372_700000000000000_PH104Đ |7 0 |8 300 |9 95824 |a qbu |b qbu |c D2 |d 2015-09-30 |g 12000 |o 372.7 PH104Đ |p 6780.c5 |r 0000-00-00 |w 2015-09-30 |y STK0 | ||
| 952 | |0 0 |1 0 |2 ddc |4 0 |6 372_700000000000000_PH104Đ |7 0 |8 300 |9 95825 |a qbu |b qbu |c D2 |d 2015-09-30 |g 12000 |o 372.7 PH104Đ |p 6780.c6 |r 0000-00-00 |w 2015-09-30 |y STK0 | ||
| 952 | |0 0 |1 0 |2 ddc |4 0 |6 372_700000000000000_PH104Đ |7 0 |8 300 |9 95826 |a qbu |b qbu |c D2 |d 2015-09-30 |g 12000 |o 372.7 PH104Đ |p 6780.c7 |r 0000-00-00 |w 2015-09-30 |y STK0 | ||
| 952 | |0 0 |1 0 |2 ddc |4 0 |6 372_700000000000000_PH104Đ |7 0 |8 300 |9 95827 |a qbu |b qbu |c D2 |d 2015-09-30 |g 12000 |o 372.7 PH104Đ |p 6780.c8 |r 0000-00-00 |w 2015-09-30 |y STK0 | ||
| 952 | |0 0 |1 0 |2 ddc |4 0 |6 372_700000000000000_PH104Đ |7 0 |8 300 |9 95828 |a qbu |b qbu |c D2 |d 2015-09-30 |g 12000 |o 372.7 PH104Đ |p 6780.c9 |r 0000-00-00 |w 2015-09-30 |y STK0 | ||
| 952 | |0 0 |1 0 |2 ddc |4 0 |6 372_700000000000000_PH104Đ |7 0 |8 300 |9 95829 |a qbu |b qbu |c D2 |d 2015-09-30 |g 12000 |o 372.7 PH104Đ |p 6780.c10 |r 0000-00-00 |w 2015-09-30 |y STK0 | ||
| 952 | |0 0 |1 0 |2 ddc |4 0 |6 372_700000000000000_PH104Đ |7 0 |8 300 |9 95830 |a qbu |b qbu |c D2 |d 2015-09-30 |g 12000 |o 372.7 PH104Đ |p 6780.c11 |r 0000-00-00 |w 2015-09-30 |y STK0 | ||
| 952 | |0 0 |1 0 |2 ddc |4 0 |6 372_700000000000000_PH104Đ |7 0 |8 300 |9 95831 |a qbu |b qbu |c D2 |d 2015-09-30 |g 12000 |o 372.7 PH104Đ |p 6780.c12 |r 0000-00-00 |w 2015-09-30 |y STK0 | ||
| 952 | |0 0 |1 0 |2 ddc |4 0 |6 372_700000000000000_PH104Đ |7 0 |8 300 |9 95832 |a qbu |b qbu |c D2 |d 2015-09-30 |g 12000 |o 372.7 PH104Đ |p 6780.c13 |r 0000-00-00 |w 2015-09-30 |y STK0 | ||
| 952 | |0 0 |1 0 |2 ddc |4 0 |6 372_700000000000000_PH104Đ |7 0 |8 300 |9 95833 |a qbu |b qbu |c D2 |d 2015-09-30 |g 12000 |o 372.7 PH104Đ |p 6780.c14 |r 0000-00-00 |w 2015-09-30 |y STK0 | ||